[Event "Titled Tuesday intern op 15th Feb Early"]
[Site "Chess.com INT"]
[Date "2022.02.15"]
[Round "7"]
[White "Vaishali, Ramesh Babu"]
[Black "Rakhimgaliyev, Yerlan"]
[Result "0-1"]
[WhiteElo "2403"]
[BlackElo "2279"]
[PlyCount "86"]
[EventDate "2022.02.15"]
[EventType "swiss (blitz)"]
[EventRounds "11"]
[EventCountry "USA"]
[SourceTitle "CBM 206 Extra"]
[Source "ChessBase"]
[SourceDate "2022.03.31"]
[SourceVersion "1"]
[SourceVersionDate "2022.03.31"]
[SourceQuality "1"]

1. d4 Nf6 2. c4 g6 3. Nc3 Bg7 4. e4 d6 5. Be2 0-0 6. h4 c5 7. d5 b5 8. cxb5 a6 9. a4 axb5 10. Bxb5 Ba6 11. Bxa6 Nxa6 12. h5 gxh5 13. Rxh5 Nxh5 14. Qxh5 f5 15. exf5 Nb4 16. Kf1 Qe8 17. Qf3 Qf7 18. g4 h5 19. Nh3 hxg4 20. Qxg4 Qxf5 21. Qg3 Qd3+ 22. Qxd3 Nxd3 23. Bg5 Nxb2 24. Ne4 Nxa4 25. Re1 Ra7 26. Nf4 Be5 27. Ne6 Rf5 28. f4 Nb2 29. Kg2 Nd3 30. Rf1 Bf6 31. Ng3 Rxd5 32. Bxf6 exf6 33. f5 c4 34. Kf3 c3 35. Ke4 Nb4 36. Nh5 Re5+ 37. Kf4 c2 38. Rg1+ Kf7 39. Nxf6 Kxf6 40. Rg6+ Ke7 41. Rg7+ Ke8 42. Rg8+ Kd7 43. Rd8+ Ke7 0-1

[Event "Titled Tuesday intern op 14th Dec"]
[Site "Chess.com INT"]
[Date "2021.12.14"]
[Round "10"]
[White "Bonte, Andrei Mihai"]
[Black "Rakhimgaliyev, Yerlan"]
[Result "1-0"]
[WhiteElo "2340"]
[BlackElo "2279"]
[PlyCount "67"]
[EventDate "2021.12.14"]
[EventType "swiss (blitz)"]
[EventRounds "11"]
[EventCountry "USA"]
[SourceTitle "EXT 2023"]
[Source "ChessBase"]
[SourceDate "2022.10.05"]
[SourceVersion "1"]
[SourceVersionDate "2022.10.05"]
[SourceQuality "1"]

1. d4 Nf6 2. c4 g6 3. Nc3 Bg7 4. e4 d6 5. Nf3 0-0 6. Be2 e5 7. 0-0 Nc6 8. d5 Ne7 9. Nh4 a5 10. Be3 Nd7 11. g3 Nc5 12. Rc1 f5 13. exf5 Nxf5 14. Nxf5 Bxf5 15. f3 b6 16. Qd2 Rf7 17. g4 Bd7 18. h3 h5 19. Kg2 Kh7 20. Ne4 Nxe4 21. fxe4 Qg8 22. Rxf7 Qxf7 23. Rf1 Qg8 24. gxh5 gxh5 25. Bxh5 Rf8 26. Rxf8 Bxf8+ 27. Kh2 Be7 28. Qf2 a4 29. Qf3 Bh4 30. Bf7 Bg3+ 31. Kg2 Qf8 32. Qh5+ Kg7 33. Bh6+ Kf6 34. Bxf8 1-0

[Event "Titled Tuesday intern op 09th Nov"]
[Site "Chess.com INT"]
[Date "2021.11.09"]
[Round "9"]
[White "Dorokhin, Mykhailo"]
[Black "Rakhimgaliyev, Yerlan"]
[Result "0-1"]
[WhiteElo "2317"]
[BlackElo "2279"]
[PlyCount "160"]
[EventDate "2021.11.09"]
[EventType "swiss (blitz)"]
[EventRounds "11"]
[EventCountry "USA"]
[SourceTitle "CBM 205 Extra"]
[Source "ChessBase"]
[SourceDate "2022.01.31"]
[SourceVersion "1"]
[SourceVersionDate "2022.01.31"]
[SourceQuality "1"]

1. d4 Nf6 2. Nf3 g6 3. Bf4 Bg7 4. e3 0-0 5. h3 c5 6. c3 d5 7. Be2 Nc6 8. 0-0 Re8 9. Nbd2 Nd7 10. Qb3 e5 11. dxe5 Ndxe5 12. Nxe5 Nxe5 13. Rfd1 Qb6 14. Nf3 Nc4 15. Rxd5 Nxb2 16. Rb1 Be6 17. Qxb6 axb6 18. Rd2 Na4 19. Be5 Nxc3 20. Rxb6 Bxe5 21. Nxe5 Rxa2 22. Rxa2 Bxa2 23. Nd7 Nxe2+ 24. Kf1 Re6 25. Rb2 Bc4 26. Nxc5 Rc6 27. Nxb7 Nf4+ 28. Kg1 Nd3 29. Rb1 Bd5 30. Rd1 Rc3 31. Nd6 Kf8 32. Nb5 Rc1 33. Rxc1 Nxc1 34. Nc3 Bc4 35. Kh2 Ne2 36. Ne4 Ke7 37. Ng5 h6 38. Nf3 Bd5 39. Ne1 Be4 40. f3 Bb1 41. g4 f5 42. Kg2 f4 43. Kf2 Nc1 44. exf4 Nd3+ 45. Nxd3 Bxd3 46. Ke3 Bf1 47. h4 h5 48. f5 gxf5 49. gxh5 Kf6 50. Kf4 Bd3 51. Ke3 Bb1 52. Kf4 Bc2 53. Ke3 Ke5 54. h6 f4+ 55. Kd2 Bg6 56. Kc3 Kd5 57. Kd2 Kd4 58. Ke2 Bf5 59. Kd2 Bd3 60. h5 Bh7 61. Ke2 Kc3 62. Kf2 Kd3 63. Kg2 Ke3 64. Kh3 Kxf3 65. Kh4 Ke4 66. Kg5 Ke5 67. Kg4 Bf5+ 68. Kf3 Be4+ 69. Kg4 Bf5+ 70. Kf3 Bh7 71. Kg4 Ke4 72. Kg5 f3 73. Kf6 f2 74. Kg7 Bf5 75. h7 Bxh7 76. h6 f1Q 77. Kxh7 Qf7+ 78. Kh8 Qf6+ 79. Kh7 Qg5 80. Kh8 Qxh6+ 0-1

[Event "Titled Tuesday intern op 09th Nov"]
[Site "Chess.com INT"]
[Date "2021.11.09"]
[Round "4"]
[White "Yashmetov, Mikhail"]
[Black "Rakhimgaliyev, Yerlan"]
[Result "1-0"]
[WhiteElo "2256"]
[BlackElo "2279"]
[PlyCount "67"]
[EventDate "2021.11.09"]
[EventType "swiss (blitz)"]
[EventRounds "11"]
[EventCountry "USA"]
[SourceTitle "CBM 205 Extra"]
[Source "ChessBase"]
[SourceDate "2022.01.31"]
[SourceVersion "1"]
[SourceVersionDate "2022.01.31"]
[SourceQuality "1"]

1. Nf3 Nf6 2. g3 g6 3. Bg2 Bg7 4. 0-0 0-0 5. d4 d6 6. b3 a5 7. a3 b5 8. Bb2 Bb7 9. Nbd2 Nbd7 10. a4 bxa4 11. bxa4 c5 12. Nb3 c4 13. Nbd2 Qc7 14. c3 Ne4 15. Nxe4 Bxe4 16. Nd2 Bxg2 17. Kxg2 d5 18. e4 e5 19. exd5 exd4 20. cxd4 Nb6 21. Ba3 Rfd8 22. d6 Qc6+ 23. Nf3 Nxa4 24. d5 Qd7 25. Rc1 Rdc8 26. Nd4 Qb7 27. Nc6 Nc3 28. Qf3 Nxd5 29. Ne7+ Kh8 30. Qxd5 Qxd5+ 31. Nxd5 Rc6 32. Ne7 Rb6 33. Rxc4 Rb3 34. d7 1-0

[Event "Titled Tuesday intern op 02nd Nov"]
[Site "Chess.com INT"]
[Date "2021.11.02"]
[Round "6"]
[White "Rakhimgaliyev, Yerlan"]
[Black "Todev, Simeon"]
[Result "1-0"]
[WhiteElo "2279"]
[BlackElo "1931"]
[PlyCount "107"]
[EventDate "2021.11.02"]
[EventType "swiss (blitz)"]
[EventRounds "11"]
[EventCountry "USA"]
[SourceTitle "CBM 205 Extra"]
[Source "ChessBase"]
[SourceDate "2022.01.31"]
[SourceVersion "1"]
[SourceVersionDate "2022.01.31"]
[SourceQuality "1"]

1. e4 e5 2. Nf3 Nc6 3. Bb5 Nd4 4. Bc4 d6 5. c3 Nxf3+ 6. Qxf3 Nf6 7. d4 c6 8. Bg5 Be7 9. Nd2 0-0 10. 0-0 Nxe4 11. Bxe7 Nxd2 12. Bxd8 Nxf3+ 13. gxf3 Rxd8 14. Rad1 Bf5 15. Rfe1 d5 16. Bd3 Bxd3 17. Rxd3 exd4 18. cxd4 Re8 19. Rde3 Kf8 20. Kf1 f5 21. Re5 g6 22. f4 Kf7 23. Ke2 Rxe5+ 24. fxe5 Ke6 25. f4 b6 26. Rc1 Kd7 27. Kf3 a5 28. a4 h6 29. Rg1 Rg8 30. h4 c5 31. Ke3 Ke6 32. Rc1 Rc8 33. Rg1 Rg8 34. Kd3 c4+ 35. Ke3 Kf7 36. b3 Rc8 37. Rb1 cxb3 38. Rxb3 Rc6 39. Rb5 Ke6 40. Kd3 g5 41. fxg5 hxg5 42. hxg5 f4 43. g6 f3 44. Ke3 Rc3+ 45. Kf2 Rd3 46. Rxb6+ Ke7 47. Rb7+ Kf8 48. Rf7+ Kg8 49. e6 Rxd4 50. e7 Re4 51. Rf8+ Kg7 52. e8Q Re2+ 53. Kxf3 Re7 54. Qxe7+ 1-0

[Event "Titled Tuesday intern op 17th Nov"]
[Site "Chess.com INT"]
[Date "2020.11.17"]
[Round "4"]
[White "Eggleston, Thomas"]
[Black "Rakhimgaliyev, Yerlan"]
[Result "0-1"]
[WhiteElo "2178"]
[BlackElo "2279"]
[PlyCount "50"]
[EventDate "2020.11.17"]
[EventType "swiss (blitz)"]
[EventRounds "11"]
[EventCountry "USA"]
[SourceTitle "CBM 199 Extra"]
[Source "ChessBase"]
[SourceDate "2021.01.31"]
[SourceVersion "1"]
[SourceVersionDate "2021.01.31"]
[SourceQuality "1"]

1. e4 e5 2. f4 d5 3. exd5 e4 4. Nc3 Nf6 5. Bb5+ Nbd7 6. Qe2 Qe7 7. Nh3 a6 8. Ba4 b5 9. Bb3 Nc5 10. Nf2 Bb7 11. 0-0 b4 12. Na4 Nxb3 13. axb3 Bxd5 14. d3 0-0-0 15. dxe4 Nxe4 16. Qxa6+ Bb7 17. Qe2 f5 18. Be3 Qf6 19. Nxe4 Bxe4 20. Nc5 Bxc5 21. Bxc5 Rhe8 22. Qf2 Qxb2 23. Rfc1 Qc3 24. Be3 Bxg2 25. Ra8+ Bxa8 0-1

[Event "Titled Tuesday intern op 17th Nov"]
[Site "Chess.com INT"]
[Date "2020.11.17"]
[Round "2"]
[White "Rakhimgaliyev, Yerlan"]
[Black "Mollo, Jhoan"]
[Result "1-0"]
[WhiteElo "2279"]
[BlackElo "2073"]
[PlyCount "55"]
[EventDate "2020.11.17"]
[EventType "swiss (blitz)"]
[EventRounds "11"]
[EventCountry "USA"]
[SourceTitle "CBM 199 Extra"]
[Source "ChessBase"]
[SourceDate "2021.01.31"]
[SourceVersion "1"]
[SourceVersionDate "2021.01.31"]
[SourceQuality "1"]

1. e4 c5 2. Nf3 Nc6 3. c3 g6 4. d4 cxd4 5. cxd4 Bg7 6. d5 Ne5 7. Nxe5 Bxe5 8. Nc3 d6 9. Be3 Bd7 10. h4 h5 11. Be2 Nf6 12. f4 Bxc3+ 13. bxc3 Qc7 14. Qd4 Rc8 15. Rc1 Qa5 16. 0-0 Qxa2 17. e5 dxe5 18. fxe5 Qxd5 19. exf6 Qxd4 20. Bxd4 exf6 21. Bf3 b6 22. Rfe1+ Be6 23. Ra1 Rc7 24. Bxf6 0-0 25. Be5 Re7 26. Bd6 Rfe8 27. Bc6 Kf8 28. Bxe8 1-0